000
00479nam a2200169Ia 4500
008
090711s9999 xx 000 0 und d
082
_b
40434
100
_a
कर्णिक मधुकर रा.
245
_a
रु पाली
260
_c
1978
300
_a
146
600
_a
कर्णिक मधुकर रा.
630
_a
रु पाली
700
_a
कर्णिक मधुकर रा.
730
_a
रु पाली
942
_c
BOOK
999
_c
293659
_d
293659